El pert y la construcción / (Record no. 52184)

MARC details
000 -LEADER
campo de control de longitud fija 00606nam a2200193 i 4500
001 - NÚMERO DE CONTROL
campo de control 52184
003 - IDENTIFICADOR DE NÚMERO DE CONTROL
campo de control ES-MaACL
005 - FECHA Y HORA DE LA ÚLTIMA TRANSACCIÓN
campo de control 20230906162534.0
007 - CAMPO FIJO DE DESCRIPCIÓN FÍSICA--INFORMACIÓN GENERAL
campo de control de longitud fija t|
008 - DATOS DE LONGITUD FIJA--INFORMACIÓN GENERAL
campo de control de longitud fija 030826s1972 sp ||||1| spa d
100 1# - ENTRADA PRINCIPAL--NOMBRE DE PERSONA
Nombre de persona Christophe, J.
9 (RLIN) 38669
245 13 - MENCIÓN DEL TÍTULO
Título El pert y la construcción /
Mención de responsabilidad, etc. J. Christophe, Y. Evrard, M. Nalaize ; traductor, Francisco Fontanals.
260 ## - PUBLICACIÓN, DISTRIBUCIÓN, ETC.
Lugar de publicación, distribución, etc. Madrid :
Nombre del editor, distribuidor, etc. I.E.E.,
Fecha de publicación, distribución, etc. [1972]
300 ## - DESCRIPCIÓN FÍSICA
Extensión 221 p., 9 plan. pleg. :
Otras características físicas il. ;
Dimensiones 27 cm.
700 1# - ENTRADA AGREGADA--NOMBRE PERSONAL
Nombre de persona Evrard, Y.
9 (RLIN) 48403
700 1# - ENTRADA AGREGADA--NOMBRE PERSONAL
Nombre de persona Nalaize, M.
9 (RLIN) 84881
700 1# - ENTRADA AGREGADA--NOMBRE PERSONAL
Nombre de persona Fontanals, Francisco.
9 (RLIN) 51605
852 ## - LOCALIZACIÓN
Ubicación ES-MaACL
Número de control de estantería C-42920
Sublocalización o colección R.82170
Holdings
Estatus retirado Estado de pérdida Estado de daño No para préstamo Biblioteca de origen Biblioteca actual Ubicación en estantería Fecha de adquisición Fuente de adquisición Total de préstamos Signatura topográfica completa Código de barras Visto por última vez Precio de reemplazo Tipo de ítem Koha
        Biblioteca del Ateneo de Madrid Biblioteca del Ateneo de Madrid Depósito 2 17/01/2008     C-42920 1054859 23/02/2023 23/02/2023 Libro impreso